|
|
|
|
| LEADER |
01248aam a22003612a 4500 |
| 001 |
000755878 |
| 003 |
CZ BrMZK |
| 005 |
20201206221613.0 |
| 007 |
ta |
| 008 |
041215s1992 xr er|||||||||||cze d |
| 015 |
|
|
|a cnb000069870
|
| 020 |
|
|
|a 80-7017-504-4
|q (váz.) :
|c Kčs 38,00
|
| 035 |
|
|
|a (OCoLC)39595096
|
| 040 |
|
|
|a ABA001
|b cze
|d ABA001
|d BOA001
|
| 072 |
|
7 |
|a 2-23/-27
|x Bible. Biblistika
|2 Konspekt
|9 5
|
| 080 |
|
|
|a 27-232/-236
|2 MRF
|
| 080 |
|
|
|a (0:82-9)
|2 MRF
|
| 100 |
1 |
|
|a Pípal, Blahoslav,
|d 1926-1991
|7 kpwa6149
|4 aut
|
| 245 |
1 |
0 |
|a Moudrost knihy Přísloví /
|c Blahoslav Pípal
|
| 246 |
3 |
0 |
|a Moudrost Přísloví
|
| 250 |
|
|
|a 1. vyd.
|
| 260 |
|
|
|a Praha :
|b Kalich,
|c 1992
|
| 300 |
|
|
|a 138 s. ;
|c 21 cm
|
| 500 |
|
|
|a 3000 výt.
|
| 504 |
|
|
|a Obsahuje bibliografické odkazy a rejstřík
|
| 630 |
0 |
7 |
|a Bible.
|p Přísloví
|7 unn2006374761
|2 czenas
|
| 650 |
0 |
7 |
|a biblické texty
|7 ph118860
|2 czenas
|
| 655 |
|
7 |
|a texty
|7 fd133699
|2 czenas
|
| 910 |
|
|
|a BOA001
|b 2-0980.209
|b PK-0118.171
|
| 920 |
|
|
|a 000022967
|
| 990 |
|
|
|a BK
|
| 996 |
7 |
|
|b 2619347082
|c 2-0980.209
|l MZK
|r Sklad / do 1 hodiny
|n 0
|w 000755878
|u 000010
|a 1
|e BOA001
|j MZK50
|s A
|
| 996 |
7 |
|
|b 3119999573
|c PK-0118.171
|l MZK
|r Sklad / do 1 hodiny
|n 11
|w 000755878
|u 000020
|a 1
|e BOA001
|j MZK50
|s A
|